000 00896nam a2200241 a 4500
003 CBULib
005 20231121134118.0
008 130123s2012 ||||||||||||||||| || u
040 _aCBULib
_bEnglish
_cCBULib
_erda
041 _aeng
050 _aUNCTAD(02)2012/5
110 _aUnited Nations Conference on Trade and Development (UNCTAD)
245 1 0 _aInvestment policy framework for sustainable development
_c/ by United Nations Conference on Trade and Development [UNCTAD]
260 _aNew York :
_c2012.
_bUnited Nations,
300 _av, 67 pages : illustrations
336 _2rdacontent
_aText |
_btxt
337 _2rdamedia
_aUnmediated |
_bn
338 _2rdacarrier
_aVolume
_bnc
650 _aSUSTAINABLE DEVELOPMENT--POLICY FRAMEWORK, INVESTMENT
650 _aINVESTIMENT--SUSTAINABLE DEVELOPMENT
942 _2mc
_c029
999 _c48302
_d48302